Las nieves del Kilimanjaro y otros relatos
Saved in:
| Hovedforfatter: | |
|---|---|
| Format: | Bog |
| Sprog: | spansk |
| Udgivet: |
Madrid
Unidad
1998
|
| Serier: | Las novelas del verano
|
| Fag: | |
| Tags: |
Tilføj Tag
Ingen Tags, Vær først til at tagge denne postø!
|
MARC
| LEADER | 00000nam a2200000 a 4500 | ||
|---|---|---|---|
| 001 | UCH6373 | ||
| 003 | CL-VaPUC | ||
| 008 | 091109e19980000SP |||||||||||||||||spa|d | ||
| 020 | |a 8481300314 | ||
| 082 | 0 | 4 | |a 813 |b HEM |2 21 |
| 100 | |a Hemingway, Ernest |e author |9 582258 | ||
| 245 | 1 | 4 | |a Las nieves del Kilimanjaro y otros relatos |
| 300 | |a 95 p | ||
| 942 | |c BK | ||
| 945 | |d 20091109 00:00:00 |a lazolas | ||
| 260 | |a Madrid |b Unidad |c 1998 | ||
| 650 | 0 | |a Cuentos estadounidenses |9 265133 | |
| 650 | 0 | |a Literatura estadounidense |9 317168 | |
| 583 | |a last modification |c 20091109 00:00:00 |k Rodrigo Vera | ||
| 490 | 0 | |a Las novelas del verano | |
| 999 | |c 337276 |d 337274 | ||